00487nam a2200157Ia 4500003000900000008004100009040001600050080001700066245008200083260003400165300001400199650004100213650003300254650001500287700002700302IN-BaIIA211028s9999 xx 000 0 eng d cIIA Library a524.834bGEN 0aGeneral relativitybpapers in honour of Jol Syngecedited by L. O'Raifertaigh aOxfordbClarendon Pressc1972 aix, 277p. aAstronomy and astrophysics thesaurus aGeneral theory of relativity aRelativity aO'Raifertaigh, L., ed.